000 00815nam a2200181 i 4500
001 182736
003 ES-MaACL
005 20250702063129.0
008 131022s1980 sp |||| | spa d
100 _aMartínez Lorca, Andrés,
_d1943-
_9236734
245 1 0 _aAntonio Machado como intelectual
_b: evolución literaria y opción filosófica /
_cpor Andrés Martínez Lorca.
260 _aMálaga :
_bUniversidad,
_c1980.
300 _aP. [61]-73 ;
_c25 cm.
595 _aSeparata de: Analecta malacitana: revista de la Sección de Filología de la Facultad de Filosofía y Letras, Universidad de Málaga, Vol. III, 1 (1980)
600 1 4 _aMachado, Antonio,
_d1875-1939-
_xCrítica e interpretación
_975154
852 _aES-MaACL
_j2327-F-8
_z. - Donat. Ernesto García Camarero
999 _c182736
_d182736